000 00982cab a22002175a 4500
001 L137267
008 070327e2007 xxk 000 0 eng d
035 _a(Sirsi) u137267
041 0 _aeng
100 1 _aFordham, Peter
245 0 0 _aCost update
260 _c2007
490 _aBuilding
_v272(8472) 23 March 2007, 56-59(4)
520 _aPresents the latest trends for building materials and labour costs. Includes key changes in Davis Langdon's cost indices, price adjustment formulae for construction contracts, and other key indicators such as the consumer prices index, industry input and output costs, and construction materials prices. Also provides details of wage agreements, including new deals for plumbers and electricians.
590 _aKA
650 2 4 _aDAVIS LANGDON QUARTERLY ANALYSIS OF CONSTRUCTION MATERIALS AND LABOUR PRICES
651 4 _aUnited Kingdom
_y
690 _aBUILT ENVIRONMENT-BUILDING COSTS
710 1 _aDavis Langdon
_94649
942 _n0
999 _c78574
_d78574